00433nam a2200121Ia 4500008004100000082002100041100001900062245006000081260004100141365000900182630006000191730006000251100415s9999 xx 000 0 und d b18446a634.9(54) aVARALAKSHMI V. aJoint Forest Management Series:1-24: FOR REFERENCE ONLY c1992bTATA ENERGY RESEARCH INSTITUTE b5370 aJoint Forest Management Series:1-24: FOR REFERENCE ONLY aJoint Forest Management Series:1-24: FOR REFERENCE ONLY